| 000 | 00547nam a22001697a 4500 | ||
|---|---|---|---|
| 003 | OSt | ||
| 005 | 20240628055519.0 | ||
| 008 | 240628b |||||||| |||| 00| 0 eng d | ||
| 020 | _a9789710742325 | ||
| 040 |
_aDWC- Main Lib _cOC |
||
| 082 | _aFil. 941.25 D891n 2018 | ||
| 100 | _aDumol, Paul Arvisu | ||
| 245 |
_aThe nation as project: _ba new reading of Jose Rizal’s Life and works. / _cPaul Arvisu Dumol. |
||
| 260 |
_aPhilippines: _bVibal Group Inc., _cc2018. |
||
| 300 |
_axv, 207 pages : _billustrations; _c27cm. |
||
| 942 |
_2ddc _cBK - FIL _n1 |
||
| 999 |
_c1585 _d1585 |
||